| 000 | 01851cam a22004694i 4500 | ||
|---|---|---|---|
| 003 | PE-LiUPU | ||
| 005 | 20250731172758.0 | ||
| 008 | 150617s r 000 0 d | ||
| 020 | _a8470572474 | ||
| 035 | _a(Sirsi) i9788470572470 | ||
| 040 |
_aPE-LiUPU _bspa _cPE-LiUPU _erda |
||
| 049 | _aPRUA | ||
| 082 | 0 | 4 |
_a215.72 _bB38 _221 |
| 100 | 1 |
_aBenzo, Miguel, _eautor. |
|
| 245 | 1 | 0 |
_aHombre profano, hombre sagradotratado de antropología teológica / _cMiguel Benzo. |
| 264 | 1 |
_aMadrid : _bCristiandad, _c1978. |
|
| 300 |
_a279 páginas ; _c20 centímetros |
||
| 336 |
_atext _2rdacontent |
||
| 337 |
_aunmediated _2rdamedia |
||
| 338 |
_avolume _2rdacarrier |
||
| 490 | 0 |
_aAcademia Cristiana ; _v7 |
|
| 505 | 0 | _aPresupuestos -- Las grandes antropologías teológicas contemporáneas -- ¿Esta el hombre naturalmente abierto a lo sagrado? -- ¿Penetra lo sagrado en el hombre? -- ¿Hay en la naturaleza humana algún elemento más sagrado que los restantes?. Relación entre conciencia y corporalidad -- ¿Tiene el mal una dimensión sagrada? -- ¿Es el origen del hombre más sagrado que el de las demás criaturas?. | |
| 526 | _aSEG42 | ||
| 526 | _aSEG41 | ||
| 526 | _aSEG40 | ||
| 526 | _aSEG39 | ||
| 526 | _aP94 | ||
| 526 | _aP87 | ||
| 526 | _aP86 | ||
| 526 | _aP85 | ||
| 526 | _aP77 | ||
| 526 | _aP76 | ||
| 526 | _aP35 | ||
| 650 | 0 | 4 | _aAntropología teológica. |
| 910 |
_ajck _bjvq _cjck _d20150616 |
||
| 942 |
_2ddc _cBOOK |
||
| 949 |
_a215.72 B38 _wDEWEY _c1 _i22378 _lCCODEBUL1 _mBUL _r0 _sY _tBOOK _u2015-6-17 _xTEOLOGIA _PP35 _0COMPRA _o.STAFF. Colección General |
||
| 994 |
_aC0 _bPEPRU |
||
| 596 | _a1 | ||
| 999 |
_a215.72 B38 _wDEWEY _c3325 _i22378 _f2021-11-9 _g5 _lCCODEBUL1 _mBUL _r0 _sY _tBOOK _u2015-6-17 _xTEOLOGIA _PP35 _0COMPRA _o.STAFF. Colección General _d3325 |
||
| 980 |
_81 _gALBERTO SANCHEZ Responsable de Automatización |
||